[Event "DSJ Weihnachtsturnier U20w 2020"]
[Site "https://play.chessbase.com/en/play?room=DSJWeihnachtU20w"]
[Date "2020.12.29"]
[Round "4"]
[White "Kube, Maja"]
[Black "Leongardt, Adel"]
[Result "0-1"]
[Termination "normal"]
[Board "8.4"]
[WhiteElo "979"]
[BlackElo "1157"]
[WhiteTeam "SC Papenburg 2"]
[BlackTeam "TSG Oberschöneweide"]
[PlyCount "70"]
[WhiteFideId "16298268"]
[BlackFideId "16256549"]
[EventRounds "7"]
[EventType "team-swiss"]
[EventDate "2020.12.29"]

1. e4 {[%emt 0:00:04] Obersch1-004 reconnected.} c6 {[%emt 0:01:21]} 2. d4 {
[%emt 0:00:12]} d5 {[%emt 0:00:17]} 3. f3 {[%emt 0:00:11]} dxe4 {[%emt 0:00:02]
} 4. fxe4 {[%emt 0:00:02]} Nf6 {[%emt 0:00:16]} 5. Nc3 {[%emt 0:00:13]} Bg4 {
[%emt 0:00:30]} 6. Be2 {[%emt 0:00:23]} Bxe2 {[%emt 0:00:15]} 7. Qxe2 {[%emt 0:
00:13]} e6 {[%emt 0:00:06]} 8. Bf4 {[%emt 0:00:11]} c5 {[%emt 0:00:04]} 9.
O-O-O {[%emt 0:00:12]} cxd4 {[%emt 0:00:03]} 10. Qb5+ {[%emt 0:00:27]} Qd7 {
[%emt 0:00:16]} 11. Rxd4 {[%emt 0:00:37]} Qxb5 {[%emt 0:00:06]} 12. Nxb5 {
[%emt 0:00:03]} Na6 {[%emt 0:00:13]} 13. Nd6+ {[%emt 0:00:04]} Bxd6 {[%emt 0:
00:05]} 14. Bxd6 {[%emt 0:00:27]} Ng4 {[%emt 0:00:33]} 15. Nh3 {[%emt 0:00:29]}
Rc8 {[%emt 0:00:43]} 16. Bf4 {[%emt 0:00:44]} O-O {[%emt 0:00:10]} 17. Rd3 {
[%emt 0:00:40]} Nb4 {[%emt 0:00:36]} 18. Rd2 {[%emt 0:00:41]} Nxa2+ {[%emt 0:
00:11]} 19. Kd1 {[%emt 0:00:25]} Nb4 {[%emt 0:00:17]} 20. c3 {[%emt 0:00:17]}
Nc6 {[%emt 0:00:19]} 21. Rf1 {[%emt 0:00:22]} e5 {[%emt 0:00:21]} 22. Bg3 {
[%emt 0:00:34]} Ne3+ {[%emt 0:00:06]} 23. Ke1 {[%emt 0:00:28]} Nxf1 {[%emt 0:
00:07]} 24. Kxf1 {[%emt 0:00:01]} Rcd8 {[%emt 0:00:20]} 25. Re2 {[%emt 0:00:17]
} Rd1+ {[%emt 0:00:11]} 26. Be1 {[%emt 0:00:08]} Rfd8 {[%emt 0:00:07]} 27. Kf2
{[%emt 0:00:06]} Na5 {[%emt 0:00:30]} 28. Kg3 {[%emt 0:00:49]} Nc4 {[%emt 0:00:
14]} 29. Bf2 {[%emt 0:00:11]} R1d3+ {[%emt 0:00:23]} 30. Kh4 {[%emt 0:00:16]}
R8d6 {[%emt 0:00:16]} 31. Ng5 {[%emt 0:00:38]} Rh6+ {[%emt 0:00:13]} 32. Kg4 {
[%emt 0:00:04]} f6 {[%emt 0:00:27]} 33. Bc5 {[%emt 0:00:19]} fxg5 {[%emt 0:00:
28]} 34. Rf2 {[%emt 0:00:02]} Rf6 {[%emt 0:00:18]} 35. Rxf6 {[%emt 0:00:11]}
gxf6 {[%emt 0:00:03] Zeit} 0-1

[Event "DSJ Weihnachtsturnier U20w 2020"]
[Site "https://play.chessbase.com/en/play?room=DSJWeihnachtU20w"]
[Date "2020.12.29"]
[Round "4"]
[White "Cizek, Veronika"]
[Black "Werner, Rosalie"]
[Result "0-1"]
[Termination "normal"]
[Board "9.1"]
[WhiteElo "998"]
[BlackElo "1751"]
[WhiteTeam "SC Garching 1980 2"]
[BlackTeam "VSG 1880 Offenbach"]
[PlyCount "88"]
[BlackFideId "16223748"]
[EventRounds "7"]
[EventType "team-swiss"]
[EventDate "2020.12.29"]

1. e4 {[%emt 0:00:02]} e6 {[%emt 0:00:11]} 2. d4 {[%emt 0:00:06]} d5 {[%emt 0:
00:02]} 3. exd5 {[%emt 0:00:12]} exd5 {[%emt 0:00:02]} 4. Nf3 {[%emt 0:00:05]}
Bd6 {[%emt 0:00:08]} 5. Nc3 {[%emt 0:00:04]} Ne7 {[%emt 0:00:04]} 6. Bg5 {
[%emt 0:00:18]} f6 {[%emt 0:00:03]} 7. Be3 {[%emt 0:00:09]} Nbc6 {[%emt 0:00:
04]} 8. Bb5 {[%emt 0:00:10]} Bg4 {[%emt 0:00:43]} 9. h3 {[%emt 0:00:04]} Bh5 {
[%emt 0:00:07]} 10. Qd2 {[%emt 0:00:30]} a6 {[%emt 0:00:19]} 11. Bd3 {[%emt 0:
00:09]} Qd7 {[%emt 0:00:17]} 12. O-O-O {[%emt 0:00:07]} O-O-O {[%emt 0:00:05]}
13. g4 {[%emt 0:00:09]} Bg6 {[%emt 0:00:01]} 14. Bxg6 {[%emt 0:00:10]} hxg6 {
[%emt 0:00:09]} 15. Kb1 {[%emt 0:00:14]} g5 {[%emt 0:00:04]} 16. h4 {[%emt 0:
00:11]} Qxg4 {[%emt 0:00:12]} 17. Qe2 {[%emt 0:00:32]} Qf5 {[%emt 0:01:54]} 18.
hxg5 {[%emt 0:00:21]} Rxh1 {[%emt 0:00:04]} 19. Rxh1 {[%emt 0:00:07]} Re8 {
[%emt 0:00:45]} 20. gxf6 {[%emt 0:00:35] Offenba2-001 reconnected.} gxf6 {
[%emt 0:00:33]} 21. a3 {[%emt 0:00:30]} Ng6 {[%emt 0:00:17]} 22. Re1 {[%emt 0:
00:25]} Qh5 {[%emt 0:00:48]} 23. Rg1 {[%emt 0:01:27]} Nf4 {[%emt 0:00:24]} 24.
Qd1 {[%emt 0:00:17]} Qh7 {[%emt 0:01:05]} 25. Qd2 {[%emt 0:00:23]} Qf5 { [%emt
0:00:36]} 26. Ne2 {[%emt 0:00:58]} Qe4 {[%emt 0:00:07]} 27. Nh4 {[%emt 0:
00:50]} Nxe2 {[%emt 0:00:03]} 28. Qxe2 {[%emt 0:00:07]} Qxh4 {[%emt 0:00:04]}
29. Rg4 {[%emt 0:00:32]} Qh1+ {[%emt 0:00:05]} 30. Ka2 {[%emt 0:00:07]} Qh5 {
[%emt 0:00:12]} 31. f3 {[%emt 0:00:16]} f5 {[%emt 0:00:04]} 32. Rg5 {[%emt 0:
00:07]} Qf7 {[%emt 0:00:04]} 33. f4 {[%emt 0:00:07]} Bxf4 {[%emt 0:00:06]} 34.
Bxf4 {[%emt 0:00:03]} Rxe2 {[%emt 0:00:04]} 35. Kb1 {[%emt 0:00:09]} Nxd4 {
[%emt 0:00:06]} 36. Rg1 {[%emt 0:00:09]} b6 {[%emt 0:00:10]} 37. Rc1 {[%emt 0:
00:28]} Rg2 {[%emt 0:00:08]} 38. Be5 {[%emt 0:00:01]} Nc6 {[%emt 0:00:07]} 39.
Bd4 {[%emt 0:00:01]} Nxd4 {[%emt 0:00:02]} 40. c4 {[%emt 0:00:01]} dxc4 { [%emt
0:00:03]} 41. Rd1 {[%emt 0:00:02]} Nb3 {[%emt 0:00:05]} 42. Rd3 {[%emt 0:
00:03]} Qf6 {[%emt 0:00:02]} 43. Rd4 {[%emt 0:00:03]} Qxd4 {[%emt 0:00:04]} 44.
Ka2 {[%emt 0:00:01]} Qxb2# {[%emt 0:00:01]} 0-1

[Event "DSJ Weihnachtsturnier U20w 2020"]
[Site "https://play.chessbase.com/en/play?room=DSJWeihnachtU20w"]
[Date "2020.12.29"]
[Round "4"]
[White "Buchholz, Maja"]
[Black "Bobkova, Mariya"]
[Result "1-0"]
[Termination "normal"]
[Board "9.2"]
[WhiteElo "1713"]
[BlackElo "842"]
[WhiteTeam "VSG 1880 Offenbach"]
[BlackTeam "SC Garching 1980 2"]
[PlyCount "71"]
[WhiteFideId "16200500"]
[EventRounds "7"]
[EventType "team-swiss"]
[EventDate "2020.12.29"]

1. c4 {[%emt 0:00:02]} Nc6 {[%emt 0:00:03]} 2. g3 {[%emt 0:00:01]} Nf6 { [%emt
0:00:02]} 3. Bg2 {[%emt 0:00:01]} e6 {[%emt 0:00:09]} 4. Nf3 {[%emt 0:00: 01]}
Bc5 {[%emt 0:00:03]} 5. O-O {[%emt 0:00:02]} d5 {[%emt 0:00:02]} 6. cxd5 {
[%emt 0:00:21]} Nxd5 {[%emt 0:00:03]} 7. Nc3 {[%emt 0:00:03]} O-O {[%emt 0:00:
05]} 8. d4 {[%emt 0:00:21]} Bb4 {[%emt 0:00:06]} 9. Qc2 {[%emt 0:00:15]} Qf6 {
[%emt 0:00:15]} 10. Bg5 {[%emt 0:00:19]} Qf5 {[%emt 0:00:28]} 11. Qxf5 { [%emt
0:00:06]} exf5 {[%emt 0:00:01]} 12. Nxd5 {[%emt 0:00:01]} h6 {[%emt 0:00: 16]}
13. Bd2 {[%emt 0:00:10]} Bd6 {[%emt 0:00:06]} 14. Bf4 {[%emt 0:00:09]} Be7
{[%emt 0:00:14]} 15. Nxc7 {[%emt 0:00:08]} Rb8 {[%emt 0:00:08]} 16. d5 { [%emt
0:00:06]} Nb4 {[%emt 0:00:36]} 17. a3 {[%emt 0:00:10]} Nc2 {[%emt 0:00: 03]}
18. Rac1 {[%emt 0:00:02]} Bd7 {[%emt 0:02:03]} 19. Rxc2 {[%emt 0:00:05]} Rbc8
{[%emt 0:00:03]} 20. Rfc1 {[%emt 0:00:09]} Ba4 {[%emt 0:00:12]} 21. Rc4 { [%emt
0:00:08]} Bb3 {[%emt 0:00:12]} 22. R4c3 {[%emt 0:00:06]} Ba4 {[%emt 0:00: 02]}
23. d6 {[%emt 0:00:08]} Bf6 {[%emt 0:00:10]} 24. Be5 {[%emt 0:00:04]} Bg5
{[%emt 0:00:30]} 25. Nxg5 {[%emt 0:00:03]} hxg5 {[%emt 0:00:01]} 26. Bxb7 {
[%emt 0:00:06]} Rcd8 {[%emt 0:00:05]} 27. Rc4 {[%emt 0:00:20]} Bb3 {[%emt 0:00:
05]} 28. Rb4 {[%emt 0:00:01]} Ba2 {[%emt 0:00:06]} 29. Ra1 {[%emt 0:00:08]} Be6
{[%emt 0:00:12]} 30. Nxe6 {[%emt 0:00:02]} fxe6 {[%emt 0:00:02]} 31. Rc1 {
[%emt 0:00:04]} f4 {[%emt 0:00:18]} 32. Rc7 {[%emt 0:00:04]} Rf7 {[%emt 0:00:
10]} 33. Rbc4 {[%emt 0:00:06]} Rdd7 {[%emt 0:00:15]} 34. Rc8+ {[%emt 0:00:05]}
Kh7 {[%emt 0:00:02]} 35. Be4+ {[%emt 0:00:02]} g6 {[%emt 0:00:02]} 36. Rh8# {
[%emt 0:00:02]} 1-0

[Event "DSJ Weihnachtsturnier U20w 2020"]
[Site "https://play.chessbase.com/en/play?room=DSJWeihnachtU20w"]
[Date "2020.12.29"]
[Round "4"]
[White "Clarke-Griebsch, Elisa"]
[Black "Dixon Quiroz, Laura Michaela"]
[Result "0-1"]
[Termination "normal"]
[Board "9.3"]
[WhiteElo "966"]
[BlackElo "1304"]
[WhiteTeam "SC Garching 1980 2"]
[BlackTeam "VSG 1880 Offenbach"]
[PlyCount "82"]
[BlackFideId "16248708"]
[EventRounds "7"]
[EventType "team-swiss"]
[EventDate "2020.12.29"]

1. e4 {[%emt 0:00:05]} d5 {[%emt 0:00:03]} 2. exd5 {[%emt 0:00:06]} Qxd5 {
[%emt 0:00:03]} 3. Nc3 {[%emt 0:00:01]} Qd6 {[%emt 0:00:04]} 4. Bb5+ {[%emt 0:
00:06]} c6 {[%emt 0:00:11]} 5. Bc4 {[%emt 0:00:18]} Nf6 {[%emt 0:00:38]} 6. d4
{[%emt 0:00:06]} Bg4 {[%emt 0:00:13]} 7. Nf3 {[%emt 0:00:07]} e6 {[%emt 0:00:
21]} 8. O-O {[%emt 0:00:04]} Be7 {[%emt 0:00:14]} 9. Bg5 {[%emt 0:00:22]} Nbd7
{[%emt 0:00:13]} 10. h3 {[%emt 0:00:08]} Bxf3 {[%emt 0:00:18]} 11. Qxf3 { [%emt
0:00:08]} Qxd4 {[%emt 0:00:10]} 12. Bd3 {[%emt 0:00:08]} O-O {[%emt 0:00: 27]}
13. Rfe1 {[%emt 0:00:15]} Rfe8 {[%emt 0:00:22]} 14. Rad1 {[%emt 0:00:04]} Rad8
{[%emt 0:00:04]} 15. Bxh7+ {[%emt 0:00:03]} Nxh7 {[%emt 0:01:18]} 16. Rxd4
{[%emt 0:00:05]} Nxg5 {[%emt 0:00:07]} 17. Qg3 {[%emt 0:00:07]} Bf6 {[%emt 0:
00:17]} 18. Rdd1 {[%emt 0:00:36]} b5 {[%emt 0:00:35]} 19. Ne4 {[%emt 0:00:18]}
Nxe4 {[%emt 0:00:09]} 20. Rxe4 {[%emt 0:00:04]} Nc5 {[%emt 0:00:12]} 21. Rxd8 {
[%emt 0:00:08]} Rxd8 {[%emt 0:00:10]} 22. Re1 {[%emt 0:00:06]} Bxb2 {[%emt 0:
00:09]} 23. Qc7 {[%emt 0:00:35]} Rd7 {[%emt 0:00:05]} 24. Qb8+ {[%emt 0:00:13]}
Kh7 {[%emt 0:00:06]} 25. Qf4 {[%emt 0:00:25]} a5 {[%emt 0:00:39]} 26. Qh4+ {
[%emt 0:00:16]} Kg8 {[%emt 0:00:05]} 27. Re3 {[%emt 0:00:13]} b4 {[%emt 0:00:
56]} 28. Qg5 {[%emt 0:00:20]} Bd4 {[%emt 0:00:24]} 29. Rg3 {[%emt 0:00:10]
Offenba2-003 offers a draw} Ne4 {[%emt 0:00:24] Garchin2-003 accepted take back
of g5g7} 30. Qf4 {[%emt 0:00:27]} Bxf2+ {[%emt 0:00:17]} 31. Kf1 {[%emt 0:
00:16]} Rd1+ {[%emt 0:00:16]} 32. Ke2 {[%emt 0:00:03]} Re1+ {[%emt 0:00:22]}
33. Kf3 {[%emt 0:00:11]} Bxg3 {[%emt 0:00:22]} 34. Qb8+ {[%emt 0:00:09]} Bxb8 {
[%emt 0:00:11]} 35. Kg4 {[%emt 0:00:04]} f5+ {[%emt 0:00:07]} 36. Kf3 {[%emt 0:
00:05]} f4 {[%emt 0:00:16]} 37. Kg4 {[%emt 0:00:04]} Re3 {[%emt 0:00:08]} 38.
Kh5 {[%emt 0:00:04]} Nf6+ {[%emt 0:00:08]} 39. Kg5 {[%emt 0:00:02]} Kh7 { [%emt
0:00:06]} 40. Kh4 {[%emt 0:00:02]} Re5 {[%emt 0:00:07]} 41. g3 {[%emt 0:
00:05]} g5# {[%emt 0:00:01]} 0-1

[Event "DSJ Weihnachtsturnier U20w 2020"]
[Site "https://play.chessbase.com/en/play?room=DSJWeihnachtU20w"]
[Date "2020.12.29"]
[Round "4"]
[White "Wagner, Lea"]
[Black "Desabhatla, Sahasra"]
[Result "1-0"]
[Termination "normal"]
[Board "9.4"]
[WhiteElo "757"]
[BlackElo "705"]
[WhiteTeam "VSG 1880 Offenbach"]
[BlackTeam "SC Garching 1980 2"]
[PlyCount "61"]
[WhiteFideId "34620680"]
[EventRounds "7"]
[EventType "team-swiss"]
[EventDate "2020.12.29"]

1. e4 {[%emt 0:00:00] Offenba2-004 reconnected. Offenba2-004 reconnected.} e5 {
[%emt 0:03:04]} 2. Nf3 {[%emt 0:00:03]} Nc6 {[%emt 0:00:04]} 3. Bc4 {[%emt 0:
00:08]} Nf6 {[%emt 0:00:02]} 4. c3 {[%emt 0:00:03]} Bc5 {[%emt 0:00:03]} 5. d4
{[%emt 0:00:02]} d6 {[%emt 0:00:01]} 6. dxc5 {[%emt 0:00:05]} dxc5 {[%emt 0:00:
06]} 7. Bg5 {[%emt 0:00:07]} h6 {[%emt 0:00:05]} 8. Bxf6 {[%emt 0:00:02]} Qxf6
{[%emt 0:00:05]} 9. Bb5 {[%emt 0:00:09]} O-O {[%emt 0:00:06]} 10. Bxc6 { [%emt
0:00:04]} bxc6 {[%emt 0:00:05]} 11. O-O {[%emt 0:00:24]} Be6 {[%emt 0:00: 16]}
12. Nbd2 {[%emt 0:00:07]} Rad8 {[%emt 0:00:09]} 13. Qc2 {[%emt 0:00:36]} Bg4
{[%emt 0:00:26]} 14. Ne1 {[%emt 0:01:01]} Qg6 {[%emt 0:00:08]} 15. f3 { [%emt
0:00:35]} Bh3 {[%emt 0:00:14]} 16. Nc4 {[%emt 0:00:20]} Rd7 {[%emt 0:00: 38]}
17. Nxe5 {[%emt 0:00:10]} Qg5 {[%emt 0:00:20]} 18. Nxd7 {[%emt 0:00:09]} Bxd7
{[%emt 0:00:05]} 19. Rd1 {[%emt 0:00:26]} Bh3 {[%emt 0:00:21]} 20. Kh1 { [%emt
0:00:41]} Bxg2+ {[%emt 0:00:27]} 21. Nxg2 {[%emt 0:00:04]} Re8 {[%emt 0:
00:04]} 22. f4 {[%emt 0:00:20]} Qg4 {[%emt 0:00:07]} 23. Ne3 {[%emt 0:00:37]}
Qh5 {[%emt 0:00:58]} 24. Rd7 {[%emt 0:00:36]} Re6 {[%emt 0:00:16]} 25. Rd8+ {
[%emt 0:00:12]} Kh7 {[%emt 0:00:04]} 26. e5+ {[%emt 0:00:04]} g6 {[%emt 0:00:
10]} 27. f5 {[%emt 0:00:39]} Rxe5 {[%emt 0:00:07]} 28. fxg6+ {[%emt 0:00:12]}
fxg6 {[%emt 0:00:06]} 29. Rd7+ {[%emt 0:00:17]} Kg8 {[%emt 0:00:10]} 30. Qb3+ {
[%emt 0:00:05]} Kh8 {[%emt 0:00:27]} 31. Rf8# {[%emt 0:00:05]} 1-0

[Event "DSJ Weihnachtsturnier U20w 2020"]
[Site "https://play.chessbase.com/en/play?room=DSJWeihnachtU20w"]
[Date "2020.12.29"]
[Round "4"]
[White "Schilay, Maria"]
[Black "Ramien, Hannah"]
[Result "1/2-1/2"]
[Termination "normal"]
[Board "10.1"]
[WhiteElo "1448"]
[BlackElo "1396"]
[WhiteTeam "Schach-Club Vaterstetten-Grasbrunn"]
[BlackTeam "Schachgemeinschaft Porz"]
[PlyCount "70"]
[WhiteFideId "12942979"]
[BlackFideId "16209982"]
[EventRounds "7"]
[EventType "team-swiss"]
[EventDate "2020.12.29"]

1. e4 {[%emt 0:00:10]} e5 {[%emt 0:00:02]} 2. Nf3 {[%emt 0:00:04]} Nc6 { [%emt
0:00:02]} 3. Nc3 {[%emt 0:00:03]} Nf6 {[%emt 0:00:02]} 4. a3 {[%emt 0:00: 03]}
Be7 {[%emt 0:00:07]} 5. d4 {[%emt 0:00:07]} exd4 {[%emt 0:00:04]} 6. Nxd4
{[%emt 0:00:03]} O-O {[%emt 0:00:05]} 7. Bc4 {[%emt 0:00:08]} Bc5 {[%emt 0:00:
17]} 8. Be3 {[%emt 0:00:06]} Bb6 {[%emt 0:00:03]} 9. Qf3 {[%emt 0:00:10]} Bxd4
{[%emt 0:00:36]} 10. Bxd4 {[%emt 0:00:10]} Nxd4 {[%emt 0:00:03]} 11. Qd3 {
[%emt 0:00:08]} Nc6 {[%emt 0:00:06]} 12. h4 {[%emt 0:00:10]} Ne5 {[%emt 0:00:
05]} 13. Qd4 {[%emt 0:00:08]} Nxc4 {[%emt 0:00:08]} 14. Qxc4 {[%emt 0:00:02]}
d6 {[%emt 0:00:02]} 15. f3 {[%emt 0:00:07]} Be6 {[%emt 0:00:04]} 16. Qd3 {
[%emt 0:00:10]} Qd7 {[%emt 0:00:02]} 17. g4 {[%emt 0:00:10] Porz4-001
reconnected.} Rfe8 {[%emt 0:00:27]} 18. O-O-O {[%emt 0:00:11]} Rad8 {[%emt 0:
00:14]} 19. h5 {[%emt 0:00:26]} h6 {[%emt 0:00:25]} 20. Qe2 {[%emt 0:01:15]}
Nxg4 {[%emt 0:00:55]} 21. Rdg1 {[%emt 0:01:17]} Nf6 {[%emt 0:01:11]} 22. Qg2 {
[%emt 0:01:13]} Ng4 {[%emt 0:00:46]} 23. fxg4 {[%emt 0:00:54]} d5 {[%emt 0:00:
46]} 24. Rh4 {[%emt 0:01:11]} f6 {[%emt 0:02:04]} 25. Rh3 {[%emt 0:00:57]} dxe4
{[%emt 0:00:40]} 26. Rd1 {[%emt 0:00:50]} Qc6 {[%emt 0:00:36]} 27. Re3 { [%emt
0:00:12]} Rxd1+ {[%emt 0:00:24]} 28. Nxd1 {[%emt 0:00:02]} Bd5 {[%emt 0:
00:05]} 29. Qe2 {[%emt 0:00:02]} Qd6 {[%emt 0:00:14]} 30. Nc3 {[%emt 0:00:02]}
c6 {[%emt 0:00:03]} 31. Nxe4 {[%emt 0:00:03]} Bxe4 {[%emt 0:00:02]} 32. Rxe4 {
[%emt 0:00:00]} Rxe4 {[%emt 0:00:01]} 33. Qxe4 {[%emt 0:00:01]} Kf7 {[%emt 0:
00:04]} 34. Qc4+ {[%emt 0:00:02]} Qd5 {[%emt 0:00:02]} 35. Qe2 {[%emt 0:00:02]}
Qe6 {[%emt 0:00:02] Porz4-001 offers a draw} 1/2-1/2

[Event "DSJ Weihnachtsturnier U20w 2020"]
[Site "https://play.chessbase.com/en/play?room=DSJWeihnachtU20w"]
[Date "2020.12.29"]
[Round "4"]
[White "Sinner, Joselyne"]
[Black "Röll, Lea"]
[Result "1-0"]
[Termination "normal"]
[Board "10.2"]
[WhiteElo "1409"]
[BlackElo "1079"]
[WhiteTeam "Schachgemeinschaft Porz"]
[BlackTeam "Schach-Club Vaterstetten-Grasbrunn"]
[PlyCount "57"]
[WhiteFideId "16210387"]
[BlackFideId "16255437"]
[EventRounds "7"]
[EventType "team-swiss"]
[EventDate "2020.12.29"]

1. e4 {[%emt 0:00:00]} c6 {[%emt 0:00:09]} 2. Nf3 { [%emt 0:00:04]} d5 {[%emt
0:00:03]} 3. Nc3 {[%emt 0:00:03]} dxe4 {[%emt 0:00: 06]} 4. Nxe4 {[%emt
0:00:02]} Bf5 {[%emt 0:00:03]} 5. Ng3 {[%emt 0:00:02]} Bg6 {[%emt 0:00:04]} 6.
h4 {[%emt 0:00:02]} e6 {[%emt 0:00:18]} 7. Ne5 {[%emt 0:00: 06]} h6 {[%emt
0:00:00]} 8. Nxg6 {[%emt 0:00:05]} fxg6 {[%emt 0:00:05]} 9. Bc4 {[%emt
0:00:07]} Nd7 {[%emt 0:00:36]} 10. Qg4 {[%emt 0:00:09]} Ne7 {[%emt 0:00: 03]}
11. Qxe6 {[%emt 0:00:06]} Qb6 {[%emt 0:00:17]} 12. Qf7+ {[%emt 0:00:19]} Kd8
{[%emt 0:00:05]} 13. O-O {[%emt 0:00:19]} Ne5 {[%emt 0:00:04]} 14. Qe6 { [%emt
0:00:24]} Nd7 {[%emt 0:00:13]} 15. Ne4 {[%emt 0:00:16]} Qd4 {[%emt 0:00: 26]}
16. Nd6 {[%emt 0:00:18]} g5 {[%emt 0:00:14]} 17. Nf7+ {[%emt 0:00:16]} Kc8
{[%emt 0:00:13]} 18. Nxh8 {[%emt 0:00:04]} Qxh4 {[%emt 0:00:16]} 19. Nf7 {
[%emt 0:01:54]} b5 {[%emt 0:00:21]} 20. Bd3 {[%emt 0:00:19]} Nd5 {[%emt 0:00:
29]} 21. Qe8+ {[%emt 0:00:08]} Kc7 {[%emt 0:00:08]} 22. Qxa8 {[%emt 0:00:02]}
Bd6 {[%emt 0:00:10]} 23. Qxa7+ {[%emt 0:00:07]} Kc8 {[%emt 0:00:05]} 24. Nxd6+
{[%emt 0:00:04]} Kd8 {[%emt 0:00:05]} 25. Qa8+ {[%emt 0:00:06]} Ke7 {[%emt 0:
00:04]} 26. Nf5+ {[%emt 0:00:04]} Ke6 {[%emt 0:00:09]} 27. Nxh4 {[%emt 0:00:03]
} gxh4 {[%emt 0:00:04]} 28. Qe8+ {[%emt 0:00:03]} Kd6 {[%emt 0:00:02]} 29. Re1
{[%emt 0:00:05]

[Event "DSJ Weihnachtsturnier U20w 2020"]
[Site "https://play.chessbase.com/en/play?room=DSJWeihnachtU20w"]
[Date "2020.12.29"]
[Round "4"]
[White "Röll, Laura"]
[Black "Siegel, Irene"]
[Result "1-0"]
[Termination "normal"]
[Board "10.3"]
[WhiteElo "1038"]
[BlackElo "1212"]
[WhiteTeam "Schach-Club Vaterstetten-Grasbrunn"]
[BlackTeam "Schachgemeinschaft Porz"]
[PlyCount "53"]
[WhiteFideId "16213394"]
[BlackFideId "16284380"]
[EventRounds "7"]
[EventType "team-swiss"]
[EventDate "2020.12.29"]

1. e4 {[%emt 0:00:15]} e5 {[%emt 0:00:02]} 2. Nf3 {[%emt 0:00:20]} Nc6 { [%emt
0:00:02]} 3. Bc4 {[%emt 0:00:10]} Bc5 {[%emt 0:00:02]} 4. d3 {[%emt 0:00: 06]}
Nf6 {[%emt 0:00:02]} 5. Bg5 {[%emt 0:00:05]} h6 {[%emt 0:00:03]} 6. Bh4 { [%emt
0:00:05]} O-O {[%emt 0:00:02]} 7. Nc3 {[%emt 0:00:02]} Be7 {[%emt 0:00: 06]} 8.
Qd2 {[%emt 0:00:07]} d6 {[%emt 0:00:07]} 9. h3 {[%emt 0:00:03]} Be6 { [%emt
0:00:51]} 10. Bxe6 {[%emt 0:00:05]} fxe6 {[%emt 0:00:02]} 11. g4 { [%emt
0:00:05]} Nd7 {[%emt 0:00:25]} 12. g5 {[%emt 0:00:12]} hxg5 {[%emt 0:00: 14]}
13. Bxg5 {[%emt 0:00:03]} Rxf3 {[%emt 0:00:12]} 14. Bxe7 {[%emt 0:00:05]} Qxe7
{[%emt 0:00:03]} 15. O-O-O {[%emt 0:00:03]} Kf8 {[%emt 0:00:05]} 16. Rdg1
{[%emt 0:00:08]} Ke8 {[%emt 0:00:02]} 17. Qe2 {[%emt 0:00:08]} Rf8 {[%emt 0:00:
03]} 18. Qh5+ {[%emt 0:00:05]} Kd8 {[%emt 0:00:01]} 19. Qg6 {[%emt 0:00:06]}
Rxf2 {[%emt 0:00:43]} 20. Qh7 {[%emt 0:00:08]} Qf6 {[%emt 0:00:30]} 21. Rxg7 {
[%emt 0:00:25]} Qf4+ {[%emt 0:00:04]} 22. Kb1 {[%emt 0:00:12]} Rf1+ {[%emt 0:
00:03]} 23. Nd1 {[%emt 0:00:03]} Rxh1 {[%emt 0:00:19]} 24. Rxd7+ {[%emt 0:00:
15]} Ke8 {[%emt 0:00:06]} 25. a3 {[%emt 0:00:12]} Rxd1+ {[%emt 0:00:07]} 26.
Ka2 {[%emt 0:00:02]} Qc1 {[%emt 0:00:21]} 27. Qf7# {[%emt 0:00:14]} 1-0

[Event "DSJ Weihnachtsturnier U20w 2020"]
[Site "https://play.chessbase.com/en/play?room=DSJWeihnachtU20w"]
[Date "2020.12.29"]
[Round "4"]
[White "Göb, Franziska"]
[Black "Ramakrishnan, Veda"]
[Result "1-0"]
[Termination "normal"]
[Board "10.4"]
[WhiteElo "900"]
[BlackElo "894"]
[WhiteTeam "Schachgemeinschaft Porz"]
[BlackTeam "Schach-Club Vaterstetten-Grasbrunn"]
[PlyCount "55"]
[WhiteFideId "16293177"]
[BlackFideId "16269519"]
[EventRounds "7"]
[EventType "team-swiss"]
[EventDate "2020.12.29"]

1. e4 {[%emt 0:00:04]} e5 {[%emt 0:00:05]} 2. Nf3 {[%emt 0:00:02]} Nc6 { [%emt
0:00:04]} 3. Bc4 {[%emt 0:00:03]} Nf6 {[%emt 0:00:06]} 4. Ng5 {[%emt 0: 00:04]}
h6 {[%emt 0:00:06]} 5. Nxf7 {[%emt 0:00:04]} Qe7 {[%emt 0:00:15]} 6. Nxh8
{[%emt 0:00:05]} Nb4 {[%emt 0:00:14]} 7. Ng6 {[%emt 0:00:20]} Qf7 { [%emt
0:00:06]} 8. Bxf7+ {[%emt 0:00:05]} Kxf7 {[%emt 0:00:05]} 9. Nxf8 { [%emt
0:00:03]} Kxf8 {[%emt 0:00:03]} 10. a3 {[%emt 0:00:05]} Nc6 {[%emt 0:00: 14]}
11. Nc3 {[%emt 0:00:06]} Ng4 {[%emt 0:00:06]} 12. Qxg4 {[%emt 0:00:05]} Nd4
{[%emt 0:00:16]} 13. O-O {[%emt 0:00:08]} Nxc2 {[%emt 0:00:16]} 14. Qf5+ {
[%emt 0:00:09]} Ke8 {[%emt 0:00:08]} 15. Qxe5+ {[%emt 0:00:06]} Kd8 {[%emt 0:
00:14]} 16. Rb1 {[%emt 0:00:08]} d6 {[%emt 0:00:11]} 17. Qf4 {[%emt 0:00:07]}
a5 {[%emt 0:00:15]} 18. Qf8+ {[%emt 0:00:07]} Kd7 {[%emt 0:00:04]} 19. Qxg7+ {
[%emt 0:00:04]} Ke8 {[%emt 0:00:09]} 20. d4 {[%emt 0:00:08]} Ra6 {[%emt 0:00:
24]} 21. Bxh6 {[%emt 0:00:08]} Rc6 {[%emt 0:00:08]} 22. Qg8+ {[%emt 0:00:09]}
Ke7 {[%emt 0:00:05]} 23. Qxc8 {[%emt 0:00:06]} Rb6 {[%emt 0:00:21]} 24. Bg5+ {
[%emt 0:00:09]} Kf7 {[%emt 0:00:06]} 25. Qd7+ {[%emt 0:00:05]} Kg6 {[%emt 0:00:
17]} 26. Qf5+ {[%emt 0:00:06]} Kh5 {[%emt 0:00:14]} 27. Bf4+ {[%emt 0:00:09]}
Kh4 {[%emt 0:00:06]} 28. g3# {[%emt 0:00:05]} 1-0